Normal view
MARC view
Entry Personal Name
001 - CONTROL NUMBER
- control field: 27371
003 - CONTROL NUMBER IDENTIFIER
- control field: MaObMVR
005 - DATE AND TIME OF LATEST TRANSACTION
- control field: 20201110125631.0
008 - FIXED-LENGTH DATA ELEMENTS
- fixed length control field: 201110|| aca||aabn | a|a d
040 ## - CATALOGING SOURCE
- Original cataloging agency: MaObMVR
- Transcribing agency: MaObMVR
100 ## - HEADING--PERSONAL NAME
- Personal name: Wheeler, Thomas
- Titles and other words associated with a name: (Screenwriter)
670 ## - SOURCE DATA FOUND
- Source citation: Work cat.: (MaObMVR)0: Wheeler, Thomas (Screenwriter), Cursed /
